Basic college mathematics with P.O.W.E.R. learning / (Record no. 9200)

MARC details
000 -LEADER
fixed length control field 01334cam a2200325 a 4500
001 - CONTROL NUMBER
control field 17350820
003 - CONTROL NUMBER IDENTIFIER
control field mut
005 - DATE AND TIME OF LATEST TRANSACTION
control field 20240606081111.0
008 - FIXED-LENGTH DATA ELEMENTS--GENERAL INFORMATION
fixed length control field 120618s2014 nyua 001 0 eng
010 ## - LIBRARY OF CONGRESS CONTROL NUMBER
LC control number 2012018150
020 ## - INTERNATIONAL STANDARD BOOK NUMBER
International Standard Book Number 9780073406244 (hard copy : alk. paper)
020 ## - INTERNATIONAL STANDARD BOOK NUMBER
International Standard Book Number 0073406244 (hard copy : alk. paper)
040 ## - CATALOGING SOURCE
Original cataloging agency DLC
Transcribing agency DLC
Modifying agency DLC
042 ## - AUTHENTICATION CODE
Authentication code pcc
050 00 - LIBRARY OF CONGRESS CALL NUMBER
Classification number QA37.3
Item number .M47 2014
082 00 - DEWEY DECIMAL CLASSIFICATION NUMBER
Classification number 510
Edition information 23
100 1# - MAIN ENTRY--PERSONAL NAME
Personal name Messersmith, Sherri.
245 10 - TITLE STATEMENT
Title Basic college mathematics with P.O.W.E.R. learning /
250 ## - EDITION STATEMENT
Edition statement 1st ed.
260 ## - PUBLICATION, DISTRIBUTION, ETC.
Place of publication, distribution, etc. New York :
Name of publisher, distributor, etc. McGraw-Hill,
Date of publication, distribution, etc. c2014.
300 ## - PHYSICAL DESCRIPTION
Extent xxvi, 764 p., 37 (various paging) :
Other physical details col. ill. ;
Dimensions 28 cm.
500 ## - GENERAL NOTE
General note Includes index.
650 #0 - SUBJECT ADDED ENTRY--TOPICAL TERM
Topical term or geographic name entry element Mathematics
Form subdivision Textbooks.
650 #0 - SUBJECT ADDED ENTRY--TOPICAL TERM
Topical term or geographic name entry element Study skills.
700 1# - ADDED ENTRY--PERSONAL NAME
Personal name Perez, Lawrence.
700 1# - ADDED ENTRY--PERSONAL NAME
Personal name Feldman, Robert S.
Fuller form of name (Robert Stephen),
Dates associated with a name 1947-
906 ## - LOCAL DATA ELEMENT F, LDF (RLIN)
a 7
b cbc
c orignew
d 1
e ecip
f 20
g y-gencatlg
942 ## - ADDED ENTRY ELEMENTS (KOHA)
Source of classification or shelving scheme Library of Congress Classification
Koha item type Books
Holdings
Withdrawn status Lost status Source of classification or shelving scheme Damaged status Not for loan Home library Current library Date acquired Total checkouts Full call number Barcode Date last seen Price effective from Koha item type
    Library of Congress Classification     Murang'a University of Technology Library Murang'a University of Technology Library 09/05/2017   QA37.3 .M47 2014 009508 30/08/2024 09/05/2017 Books